Ingeniería de control: analógica y digital

Tallennettuna:
Bibliografiset tiedot
Päätekijä: Navarro Viadana, Rina M. (autora)
Aineistotyyppi: Kirja
Kieli:espanja
Julkaistu: Ciudad de México McGraw-Hill 2004
Painos:1a. ed
Aiheet:
Tagit: Lisää tagi
Ei tageja, Lisää ensimmäinen tagi!

MARC

LEADER 00000nam a2200000 a 4500
001 UCK6340
003 CL-VaPUC
008 050930e20040000MX |||||||||||||||||spa|d
020 |a 9701046773 
082 0 4 |a 629.8  |b NAV  |2 21 
100 |a Navarro Viadana, Rina M.  |e autora  |9 495512 
245 1 0 |a Ingeniería de control: analógica y digital 
250 |a 1a. ed 
300 |a 280 p 
942 |c BK 
945 |d 20050930 00:00:00  |a cmena 
260 |a Ciudad de México  |b McGraw-Hill  |c 2004 
650 0 |a Sistemas de control  |9 263596 
650 0 |a Control automático  |9 259890 
650 0 |a Modelos matemáticos   |9 259437 
650 0 |a Control automático  |9 259890 
583 |a last modification  |c 20050930 00:00:00  |k Rodrigo Vera 
999 |c 314636  |d 314634 
952 |0 0  |1 0  |2 ddc  |4 0  |6 629_800000000000000_NAV_2004  |7 0  |8 A  |9 387215  |a BIBING  |b BIBING  |c RES  |d 2019-11-22  |i 4168550  |o 629.8 NAV 2004  |p 4168550  |r 2025-01-20  |w 2019-11-22  |y BK  |k EIE